Szczegóły MARC21

Mickiewicziana zbierane po świecie /

003 -Nazwa inst., której nr kontr. jest w polu 001 [,]
    • @
    • Nazwa instytucji, której n kontrolny jest w polu 001
    • NUKAT
005 -DATA I CZAS OSTATNIEJ MODYFIKACJI [,]
    • @
    • pole kontrolne
    • 20241231100057.0
020 -Międzynarod. znormalizowany nr książki - ISBN [ , ]
    • a
    • Numer ISBN
    • 8320715881 Find
040 -Instytucja sporządzająca opis [ , ]
    • a
    • Instytucja, która sporządziła opis (NP)
    • Ł U/BM
    • c
    • Instytucja, która sporządziła rekord (NP)
    • Ł U/BM
    • d
    • Instytucja, która zmodyfikowała rekord (P)
    • Ł U/MK
    • d
    • Instytucja, która zmodyfikowała rekord (P)
    • Ł U/RRs
942 -Rodzaj dokumentu [ , ]
    • c
    • Rodzaj dokumentu
    • Książka
100 -Hasło główne - nazwa osobowa [1, ]
    • a
    • Nazwa osobowa (NP)
    • Odrowąż-Pieniążek, Janusz
    • d
    • Daty biograficzne (NP)
    • (1931-2015).
    • 9
    • KHW
    • 59539
245 -Strefa tytułu i oznaczenia odpowiedzialności [1,0]
    • a
    • Tytuł
    • Mickiewicziana zbierane po świecie / Find
    • c
    • Pozostałe elementy strefy tytułu i oznaczenia odpowiedzialności (NP)
    • Janusz Odrowąż-Pieniążek.
260 -Strefa adresu wydawniczego [ , ]
    • a
    • Miejsce wydania (P)
    • Warszawa :
    • b
    • Nazwa wydawcy (P)
    • "Iskry",
    • c
    • Data wydania (P)
    • 1998.
300 -Strefa opisu fizycznego [ , ]
    • a
    • Określenie formy książki i/lub objętość (NP)
    • 200 s., [24] s. tabl. ;
    • c
    • Format (NP)
    • 21 cm.
336 -Typ zawartości [ , ]
    • a
    • Termin opisujący typ zawartości
    • Tekst
    • b
    • Kod określający zawartość
    • txt
    • 2
    • Źródło (terminu i kodu)
    • rdacontent
337 -Typ mediów [ , ]
    • a
    • Tryb odtwarzania
    • Bez urządzenia pośredniczącego
    • b
    • Kod typu mediów
    • n
    • 2
    • Źródło (terminu i kodu)
    • rdamedia
338 -Typ/rodzaj nośnika [ , ]
    • a
    • Hasło opisujące typ nośnika
    • Wolumin
    • b
    • Kod typu nośnika
    • nc
    • 2
    • Źródło (terminu i kodu)
    • rdacarrier
080 -Uniwersalna Klasyfikacja Dziesiętna [ , ]
    • a
    • Symbol klasyfikacji
    • 884(091)-1/-2"18"Mickiewicz A.
080 -Uniwersalna Klasyfikacja Dziesiętna [ , ]
    • a
    • Symbol klasyfikacji
    • :929Mickiewicz A.
600 -Hasło przedmiotowe w formie nazwy osobowej [1,7]
    • a
    • Nazwa osobowa
    • Mickiewicz, Adam
    • d
    • Daty związane z nazwą
    • (1798-1855)
    • x
    • Określnik rzeczowy
    • muzea.
    • 2
    • Źródło terminu
    • kaba
    • 9
    • KHW
    • 552856
600 -Hasło przedmiotowe w formie nazwy osobowej [1,7]
    • a
    • Nazwa osobowa
    • Mickiewicz, Adam
    • d
    • Daty związane z nazwą
    • (1798-1855)
    • x
    • Określnik rzeczowy
    • rezydencje i miejsca pobytu.
    • 2
    • Źródło terminu
    • kaba
    • 9
    • KHW
    • 552857
600 -Hasło przedmiotowe w formie nazwy osobowej [1,7]
    • a
    • Nazwa osobowa
    • Mickiewicz, Adam
    • d
    • Daty związane z nazwą
    • (1798-1855)
    • x
    • Określnik rzeczowy
    • rodzina.
    • 2
    • Źródło terminu
    • kaba
    • 9
    • KHW
    • 552858
600 -Hasło przedmiotowe w formie nazwy osobowej [1,7]
    • a
    • Nazwa osobowa
    • Mickiewicz, Adam
    • d
    • Daty związane z nazwą
    • (1798-1855)
    • x
    • Określnik rzeczowy
    • współcześni.
    • 2
    • Źródło terminu
    • kaba
    • 9
    • KHW
    • 392136
980 -Symbol UKD [ , ]
    • a
    • UKD
    • 884(091)-1/-2"18":929]Mickiewicz A.
710 -Hasło dodatkowe - nazwa ciała zbiorowego [2, ]
    • a
    • Nazwa ciała zbiorowego lub nazwa geograficzna jako pierwszy element (NP)
    • Wydawnictwo "Iskry" (Warszawa).
    • 4
    • Kod relacji
    • pbl
    • 9
    • KHW
    • 62749
920 -ISBN [ , ]
    • a
    • ISBN
    • 83-207-1588-1 Find
Numer inwentarzowy Lokalizacja Data inwentaryzacji Status udost.
JK.290BG2002-11-291
P.15345BM1999-05-051